000 00489cam a2200157 4500500
005 20260111093126.0
041 _afre
042 _adc
100 1 0 _aArnould, Xavier
_eauthor
700 1 0 _aArnould, Paul
_eauthor
245 0 0 _aAnatomie d’un projet éolien en mer
260 _c2014.
500 _a39
786 0 _nLa Géographie | 1553 | 2 | 2014-04-01 | p. 14-19 | 1964-9002
856 4 1 _uhttps://shs.cairn.info/revue-la-geographie-2014-2-page-14?lang=fr&redirect-ssocas=7080
999 _c1625443
_d1625443